Times por Escudo - Bolivian Primeira División 2024 - Statistics

Estatísticas Gerais
  • Esse quiz foi jogado 63 vezes
  • A pontuação média é 9 de 16
Estatísticas das Respostas
Imagem Resposta % Correto
Bolívar
93%
The Strongest
91%
Always Ready
86%
Jorge Wilstermann
72%
Oriente Petrolero
71%
Aurora
69%
Nacional Potosí
67%
Blooming
59%
San Antonio Bulo Bulo
50%
Guabirá
45%
Independiente Petrolero
43%
Royal Pari
40%
Real Tomayapo
33%
Real Santa Cruz
28%
Universitário de Vinto
26%
Gualberto Villarroel
24%
Nenhum quiz correspondente encontrado
Distribuição das Pontuações
Porcentagem de Pessoas com Cada Pontuação
Percentil de Números Respondidos
Sua Pontuação Histórica
Você não jogou esse quiz